| 000 | 00755nam a2200205 a 4500 | ||
|---|---|---|---|
| 001 | 000021495 | ||
| 005 | 20200930011339.0 | ||
| 008 | 100908s1986 dr 000 0 spa d | ||
| 040 |
_aDO-SdBNP _bspa _cBNPHU |
||
| 082 |
_axxxx _bM971c |
||
| 100 | 1 |
_aMuñóz Grillo, Germinal _919103 |
|
| 245 | 1 | 3 |
_aEl contrato administrativo / _cGerminal Muñóz Grillo ; presentación Luis José Bourget Frómeta. |
| 260 |
_aSanto Domingo : _bUASD, _c1986. |
||
| 300 |
_a63 p. ; _c21 cm. |
||
| 490 | 1 |
_aPublicaciones de la Universidad Autónoma de Santo Domingo _v484 |
|
| 504 | _aIncluye bibliografías (p. 61-63) | ||
| 700 | 1 |
_aBourget Frómeta, Luis José _944807 |
|
| 830 | 0 |
_aPublicaciones de la Universidad Autónoma de Santo Domingo _n484 _944808 |
|
| 049 | _aBNPD | ||
| 999 |
_c20995 _d20995 |
||